Quizzes
Events
Quiz Creation
Community
Videos
Private Events
Remove Ads
Sign In
Join for FREE
Feedback
Dark Mode
Quiz Categories
Sports
Geography
Music
Movies
Television
Just For Fun
Miscellaneous
History
Literature
Language
Science
Gaming
Entertainment
Religion
Holiday
For Kids
Quiz Lab
Recent
Popular Today
Quiz Kudos Today
Editor Picks
Curator Picks
Quizzes by...
Day
Popularity
Type
Ratings
Length
Year
Community
Subscriptions
Recent Discussions
Orange Saloon
Badges
Playlists
Quests
Create
Leaderboards
Showdown
Live 5
Trivia Bingo
Activity
Puzzle Library
Sporcle Events
Private Events
Virtual Trivia
Globe League
Become a Host
Pub Owners
SporcleCon
Opinionation
Our Games
Videos
Blog
Mobile Apps
Partnerships
Remove Ads and Go Orange
Feedback
Sports
Athletes
MLB
NBA
NHL
NFL
Soccer
Sports Teams
WWE
NCAA
Football
Premier League
Basketball
Baseball
Hockey
Golf
Tennis
Cricket
Rugby
Auto Racing
Olympics
World Cup
Sports
Athletes
MLB
NBA
NHL
NFL
Soccer
Sports Teams
WWE
NCAA
Football
Premier League
Basketball
Baseball
Hockey
Golf
Tennis
Cricket
Rugby
Auto Racing
Olympics
World Cup
Random Quiz
Search Sporcle
×
Quiz Lab
Quiz Lab
Sports
Top 10
Type in answers that appear in a list
Type in answers that appear in a list
Classic
Best Score? Go Orange.
PWI Top 10 Stats
Can you name the PWI Top 10 for every year?
By
djohnson87
15m
260 Questions
1,893 Plays
1,893 Plays
1,893 Plays
Comments
Comments
Give Quiz Kudos
Give Quiz Kudos
-
- Ratings
hide this ad
Replay
Link that replays current quiz
Next Quiz
Link to next quiz in quiz playlist
You Got
0%
They Got
Avg Score
61%
Avg Friend Score
Upgrade to see
Score Distribution
Jump to the score distribution portion of the page
Score
0/260
Timer
15:00
0
Plays Today
Year
Wrestler
% Correct
1991
Hulk Hogan
98.3%
1994
Hulk Hogan
98.3%
1995
Hulk Hogan
98.3%
1996
Hulk Hogan
98.3%
2010
John Cena
97.1%
2011
John Cena
97.1%
2012
John Cena
97.1%
2013
John Cena
97.1%
2014
John Cena
97.1%
2015
John Cena
97.1%
1991
Ric Flair
96.8%
1992
Ric Flair
96.8%
1993
Ric Flair
96.8%
1994
Ric Flair
96.8%
1996
Ric Flair
96.8%
1993
Shawn Michaels
96.7%
1994
Shawn Michaels
96.7%
1995
Shawn Michaels
96.7%
1996
Shawn Michaels
96.7%
1992
Steve Austin
96.7%
1994
Steve Austin
96.7%
1997
Steve Austin
96.7%
1998
Steve Austin
96.7%
1999
Steve Austin
96.7%
2004
Shawn Michaels
96.7%
2006
Shawn Michaels
96.7%
2007
Shawn Michaels
96.7%
2008
Shawn Michaels
96.7%
2001
Steve Austin
96.6%
2000
Triple H
96.6%
2001
Triple H
96.5%
2002
Triple H
96.5%
2003
Triple H
96.5%
2004
Triple H
96.5%
2005
Triple H
96.5%
2008
Triple H
96.5%
2009
Triple H
96.5%
2016
John Cena
96.2%
1999
The Rock
96.2%
2000
The Rock
96.2%
2002
The Rock
96.1%
1992
Bret Hart
96%
1993
Bret Hart
96%
1994
Bret Hart
96%
1995
Bret Hart
96%
2004
John Cena
95.9%
2005
John Cena
95.9%
2006
John Cena
95.9%
2007
John Cena
95.9%
2008
John Cena
95.9%
2009
John Cena
95.9%
1997
Undertaker
95.7%
1998
Undertaker
95.7%
1999
Undertaker
95.7%
2002
Undertaker
95.6%
2007
Undertaker
95.6%
2008
Undertaker
95.6%
1994
Owen Hart
95.4%
2010
Randy Orton
94.9%
2011
Randy Orton
94.9%
2014
Randy Orton
94.9%
2015
Randy Orton
94.9%
2016
AJ Styles
94.6%
2010
Undertaker
94.5%
1995
Diesel
94.4%
1996
Kevin Nash
94.4%
2016
Roman Reigns
94.1%
2010
AJ Styles
94.1%
2014
AJ Styles
94.1%
2015
AJ Styles
94.1%
2001
Kurt Angle
94%
2002
Kurt Angle
94%
2003
Kurt Angle
94%
2005
Kurt Angle
94%
2006
Kurt Angle
94%
2007
Kurt Angle
94%
2008
Kurt Angle
94%
2010
Kurt Angle
93.9%
2012
Kurt Angle
93.9%
2014
Roman Reigns
93.9%
2015
Roman Reigns
93.9%
1997
Chris Benoit
93.8%
2000
Chris Benoit
93.8%
2001
Chris Benoit
93.7%
2004
Chris Benoit
93.7%
2016
Seth Rollins
93.4%
2010
Chris Jericho
93.4%
Year
Wrestler
% Correct
2015
Seth Rollins
93.4%
2004
Randy Orton
92.9%
2008
Randy Orton
92.9%
2009
Randy Orton
92.9%
2011
Kane
92.8%
1991
Sting
91.9%
1992
Sting
91.9%
1993
Sting
91.9%
1994
Sting
91.9%
1995
Sting
91.9%
1996
Sting
91.9%
2009
Sting
91.8%
2016
Dean Ambrose
90.8%
2002
Eddie Guerrero
90.7%
2003
Eddie Guerrero
90.7%
2004
Eddie Guerrero
90.7%
1998
Chris Jericho
90.6%
2000
Chris Jericho
90.6%
2001
Chris Jericho
90.5%
2002
Chris Jericho
90.5%
2003
Chris Jericho
90.5%
2004
Chris Jericho
90.5%
2009
Chris Jericho
90.5%
1994
Razor Ramon
90.2%
2011
Rey Mysterio
90.1%
1996
The Giant
90%
1997
The Giant
90%
1991
Randy Savage
89.9%
1992
Randy Savage
89.9%
1995
Randy Savage
89.9%
1995
Razor Ramon
89.9%
2010
CM Punk
89.5%
2011
CM Punk
89.5%
2012
CM Punk
89.5%
2013
CM Punk
89.5%
2002
Edge
88.4%
2005
Edge
88.4%
2006
Edge
88.4%
2007
Edge
88.4%
2008
Edge
88.4%
2009
Edge
88.4%
2012
Daniel Bryan
88.4%
2014
Daniel Bryan
88.4%
2009
Ultimo Guerrero
88.3%
2013
Jeff Hardy
88.1%
2005
Batista
87.7%
2010
Batista
87.1%
2003
Brock Lesnar
86.5%
2006
Brock Lesnar
86.5%
2006
Rey Mysterio
85.1%
1996
Rey Misterio, Jr
84.2%
1999
Rey Misterio, Jr
84.2%
1999
Rob Van Dam
83%
2003
Rob Van Dam
82.9%
1991
Lex Luger
82.8%
1993
Lex Luger
82.8%
1997
Lex Luger
82.8%
2002
Rob Van Dam
82.8%
2004
A.J. Styles
81.9%
2005
A.J. Styles
81.9%
1998
Booker T
80.3%
2001
Booker T
80.2%
2003
Booker T
80.2%
2011
The Miz
79.6%
2007
Christian Cage
79%
2009
CM Punk
78.6%
1998
Bill Goldberg
77.9%
1999
Goldberg
77.9%
2003
Big Show
77.7%
2000
Jeff Jarrett
77.6%
2006
Jeff Jarrett
77.6%
2016
Shinsuke Nakamura
77.5%
1993
Big Van Vader
77%
1994
Big Van Vader
77%
1995
Big Van Vader
77%
1992
Ultimate Warrior
76.9%
2010
Shinsuke Nakamura
76.7%
2015
Shinsuke Nakamura
76.7%
2011
Mr. Anderson
76.5%
2006
Samoa Joe
75.5%
2008
Samoa Joe
75.5%
1991
Scott Steiner
74.5%
1992
Scott Steiner
74.5%
1993
Scott Steiner
74.5%
2001
Scott Steiner
74.4%
1991
Rick Steiner
73.8%
1993
Yokozuna
73.2%
Year
Wrestler
% Correct
2010
Sheamus
72.8%
2012
Sheamus
72.8%
2013
Sheamus
72.8%
1997
Dean Malenko
72.7%
2013
Bully Ray
72.6%
2014
Bully Ray
72.6%
2016
Kevin Owens
72.3%
2011
Alberto Del Rio
72.1%
2012
Alberto Del Rio
72.1%
2013
Alberto Del Rio
72.1%
2015
Alberto El Patron
72.1%
2013
Kevin Steen
71.9%
2015
Kevin Owens
71.9%
2016
Kazuchika Okada
67.1%
1993
Mr. Perfect
66.5%
1991
Arn Anderson
65.6%
2005
JBL
65.6%
1997
Diamond Dallas Page
65%
1998
Diamond Dallas Page
65%
1999
Diamond Dallas Page
65%
2013
Kazuchicka Okada
63.8%
2014
Kazuchicka Okada
63.8%
1991
Ricky Steamboat
62.1%
1992
Ricky Steamboat
62.1%
1994
Ricky Steamboat
62.1%
2014
Bray Wyatt
61.2%
2013
Dolph Ziggler
61%
2012
Bobby Roode
60.5%
1992
Ric Rude
59.7%
1993
Ric Rude
59.7%
1995
Sabu
59.5%
1996
Sabu
59.5%
1999
Taz
57.5%
2016
Finn Balor
57%
2013
Hiroshi Tanahashi
53.5%
2012
Mark Henry
52.8%
1997
Jushin Liger
50.1%
1998
Jushin Liger
50.1%
2000
Jushin Liger
50.1%
1995
Mitsuharu Misawa
46%
1997
Mitsuharu Misawa
46%
1998
Mitsuharu Misawa
46%
1999
Mitsuharu Misawa
46%
2001
Mitsuharu Misawa
45.9%
1998
Ken Shamrock
45.2%
1996
Kenta Kobashi
44.6%
1998
Kenta Kobashi
44.6%
2000
Kenta Kobashi
44.6%
2003
Kenta Kobashi
44.6%
2004
Kenta Kobashi
44.6%
2006
Kenta Kobashi
44.6%
2007
Bobby Lashley
44.4%
2005
Shelton Benjamin
43.7%
1992
Jerry Lawler
41.2%
2000
Mike Awesome
40.5%
2001
Rhyno
40.4%
2015
Rusev
37.3%
2014
Adam Cole
37.1%
1996
Ahmed Johnson
36.8%
2016
Jay Lethal
36.4%
1991
Steve Williams
34.5%
1999
Kenji Mutoh
32.4%
2001
Kenji Mutoh
32.3%
2002
Kenji Mutoh
32.3%
2003
Kenji Mutoh
32.3%
2008
Shinsuke Nakamura
32.3%
2000
Justin Credible
31.9%
2012
Davey Richards
30.1%
2006
Mistico
29.1%
2007
Mistico
29.1%
2008
Nigel McGuinness
29.1%
2009
Nigel McGuinness
29.1%
2009
Hiroshi Tanahashi
29%
2015
Jay Briscoe
28.3%
2011
Eddie Edwards
27%
2004
Toshiaki Kawada
23%
2014
Magnus
21.5%
2000
Kensuke Sasaki
20.2%
1997
Shinya Hashimoto
18%
2007
Takeshi Morishima
17.2%
2005
Hiroyoshi Tenzan
17.2%
2007
Perro Aguayo, Jr
15.7%
2002
Yuji Nagata
15.3%
2012
Jun Akiyama
15.3%
2005
Satoshi Kojima
14.1%
2011
Takashi Sugiura
4.8%
Quiz Playlist
Details
Report
Send in Message
Add To Playlist
Classic:
Type in answers that appear in a list
Quiz Source
Last Updated: Feb 28, 2017
Quiz Scoreboard
CHALLENGE
Sign Up to Join the Scoreboard
Show All
Scores
Hide
Comments
May contain spoilers
Recently Published
Movies - When Are They Set?
by FPL_Elf
Movies
5m
Popular People in 1961
by mucciniale
History
6m
1-10 Letter E Words III
by El_Dandy
Language
2m
More to Explore
Quiz From the Vault
Featured Blog Post
Where Did the Easter Bunny Come From?
hide this ad
You Might Also Like...
Tags
PWI
Top 10
Wrestlers
Today's Top Quizzes in Sports
Browse Sports
hide this ad
Today's Top Quizzes in Top 10
Browse Top 10
Top Contributed Quizzes in Sports
1
Les meilleurs buteurs des matchs entre le PSG et l’OM
2
FIFA Club World Cup Champions
3
Les entraîneurs de l'OM et du PSG au 21e siècle
4
2022 World Cup Stars
5
Name the Premier League winners with different clubs
6
La finale Lions - Afrique du Sud 2021
7
Criteria MLB: Left Handed Sluggers
8
Les joueurs passés par le LOSC et le RC Lens
9
Players with Multiple 50 Home Run Seasons
10
MLB Players with Two .350 Batting Average Seasons
Explore More
Trending Topics
Crossword
Marvel
Disney
Harry Potter
Kpop
NBA
Anime
Country
Song
WWE
NFL
Soccer
The Office
Pokémon
Puzzle
hide this ad
More By:
djohnson87
Quiz
Plays
Rating
Category
Featured
Created
NBA Top 10 (2000s)
605,368
4.47
Sports
Nov 15, 2009
NFL 100 Yard Rushers (2008)
199,830
4.23
Sports
Nov 9, 2009
NBA Top 10 (1990s)
163,033
4.51
Sports
Apr 4, 2010
NBA Playoffs Top 10 (2000s)
141,146
4.71
Sports
Jun 6, 2015
John Cena PPV Opponents
118,427
4.34
Sports
Dec 13, 2009
Go to Creator's Profile
Score Distribution
Quiz Creator Spotlight
djohnson87
Follow
Send a Message
Quizzes Created
-
Created Quiz Play Count
-
More By This Creator
Popular Quizzes Today
1
Find the US States - No Outlines Minefield
2
Find the Countries of Europe - No Outlines Minefield
3
The Countries of the World
4
Popular People in 1961
5
1-10 Letter E Words III
6
US States
7
Find the US States
8
One Thing in Common: World Cities II
More Sports Quizzes
AC Milan Biggest Transfer Profits
Quiz Lab
Trending Quizzes
Risky Map Clicking: Least Populous States A-Z
1-10 Letter F Words
Humor Books: The Subtitles
1-10 Letter G Words
One Thing in Common: United Kingdom
Recently Updated
Leaping Animals
pecheneg
Reality TV Shows (A-Z)
bhenderson79
Rickey Henderson's Hall of Fame Teammates
pecheneg
Champions League XIs: Arsenal
pecheneg
Quick Pick: Celebrities in WWE's Hall of Fame
aduchscher
A-Z Keypad Blitz II
pecheneg
Multiple Oscar Actors
pecheneg
Mystery Phrase Blitz: Oscar 'Best Actors'
pecheneg
F. Scott Fitzgerald Novels
LTH
Pick 3 Villains
ddd62291
Trending Topics
Disney
NBA
Kpop
Crossword
Marvel
Anime
Harry Potter
Soccer
NFL
Country
WWE
Puzzle
The Office
Pokémon
Song
Your Account Isn't Verified!
In order to create a playlist on Sporcle, you need to verify the email address you used during registration. Go to your
Sporcle Settings
to finish the process.
Report this User
Report this user for behavior that violates our
Community Guidelines
.
Details:
Send Report
Go to the Sporcle.com Mobile Site →
Comments